Estadísticas para Prueba de Suecia

Haz click aquí para tomar la prueba!

Estadísticas generales

  • Esta prueba ha sido tomada 611 veces
  • La puntuación promedio es 11 de 20

Estadísticas de respuestas

PistaRespuesta% Correcto
CapitalEstocolmo
98%
Premio internacional de física, literatura, medicina, etc...Premio {Nobel}
92%
Un gran minorista de mueblesIKEA
85%
El grupo musical más vendido de todos los tiempos en SueciaABBA
76%
Región que incluye Suecia, Noruega y DinamarcaEscandinavia
76%
MonedaCorona
70%
Una gran ciudad muy cercana a DinamarcaMalmö
69%
Marcas importantes de cochesVolvo
60%
La segunda ciudad más grandeGotemburgo
51%
La Iglesia de Suecia es parte de esta rama protestanteLuterano
49%
Apellido de la actriz Ingrid y del director Ingmar (No hay relación)Bergman
48%
La marca de vodka más famosaAbsolut
46%
El tenista rubio que ganó 5 Wimbledons seguidosBjörn Borg
42%
“Suecia” en suecoSverige
42%
Golfo entre Suecia y FinlandiaGolfo de {Botnia}
38%
El tipo de pescado que comúnmente se encurteArenque
35%
Marcas importantes de cochesSaab
34%
Persona celebrada el 13 de diciembreSanta {Lucía}
33%
La isla más grandeGotland
29%
El puente que conecta esa ciudad con CopenhaguePuente de Øresund
28%

Distribución de puntuación

Porcentaje por número respondido

Porcentaje de gente con cada puntuación

Historial de tus puntuaciones

No has tomado esta prueba